<?xml version="1.0" encoding="UTF-8"?>
<record
    xmlns:xsi="http://www.w3.org/2001/XMLSchema-instance"
    xsi:schemaLocation="http://www.loc.gov/MARC21/slim http://www.loc.gov/standards/marcxml/schema/MARC21slim.xsd"
    xmlns="http://www.loc.gov/MARC21/slim">

  <leader>01516nam0a22003251  4500</leader>
  <controlfield tag="001">v19\rc\1574394</controlfield>
  <controlfield tag="005">20260406092333.0</controlfield>
  <datafield tag="035" ind1=" " ind2=" ">
    <subfield code="a">(NLR Aleph) 005228249</subfield>
  </datafield>
  <datafield tag="090" ind1=" " ind2=" ">
    <subfield code="a">5577432</subfield>
    <subfield code="c">5577432</subfield>
  </datafield>
  <datafield tag="100" ind1=" " ind2=" ">
    <subfield code="a">20061002d1893    |||y0rusy50      ca</subfield>
  </datafield>
  <datafield tag="101" ind1="1" ind2=" ">
    <subfield code="a">rus</subfield>
    <subfield code="c">dan</subfield>
  </datafield>
  <datafield tag="102" ind1=" " ind2=" ">
    <subfield code="a">RU</subfield>
  </datafield>
  <datafield tag="105" ind1=" " ind2=" ">
    <subfield code="a">a   z   |||||</subfield>
  </datafield>
  <datafield tag="200" ind1="1" ind2=" ">
    <subfield code="a">&#x421;&#x438;&#x441;&#x442;&#x435;&#x43C;&#x430;&#x442;&#x438;&#x43A;&#x430; &#x440;&#x430;&#x441;&#x442;&#x435;&#x43D;&#x438;&#x439;</subfield>
    <subfield code="f">[&#x421;&#x43E;&#x447;.] &#x434;-&#x440;&#x430; &#x412;&#x430;&#x440;&#x43C;&#x438;&#x43D;&#x433;&#x430;, &#x43F;&#x440;&#x43E;&#x444;. &#x431;&#x43E;&#x442;&#x430;&#x43D;&#x438;&#x43A;&#x438; &#x432; &#x41A;&#x43E;&#x43F;&#x435;&#x43D;&#x433;&#x430;&#x433;. &#x443;&#x43D;-&#x442;&#x435;</subfield>
    <subfield code="g">&#x41F;&#x435;&#x440;. &#x441; 3-&#x433;&#x43E; &#x434;&#x430;&#x442;. &#x438;&#x437;&#x434;. &#x421;. &#x420;&#x43E;&#x441;&#x442;&#x43E;&#x432;&#x446;&#x435;&#x432;&#x430; &#x438; &#x41C;. &#x413;&#x43E;&#x43B;&#x435;&#x43D;&#x43A;&#x438;&#x43D;&#x430;</subfield>
    <subfield code="g">&#x421; &#x43F;&#x440;&#x435;&#x434;&#x438;&#x441;&#x43B;. &#x43F;&#x440;&#x43E;&#x444;. &#x41A;.&#x410;. &#x422;&#x438;&#x43C;&#x438;&#x440;&#x44F;&#x437;&#x435;&#x432;&#x430;</subfield>
  </datafield>
  <datafield tag="210" ind1=" " ind2=" ">
    <subfield code="a">&#x41C;&#x43E;&#x441;&#x43A;&#x432;&#x430;</subfield>
    <subfield code="c">&#x41D;.&#x418;. &#x41C;&#x430;&#x43C;&#x43E;&#x43D;&#x442;&#x43E;&#x432;</subfield>
    <subfield code="d">1893</subfield>
  </datafield>
  <datafield tag="215" ind1=" " ind2=" ">
    <subfield code="a">[2], VIII, 624, [2] &#x441;., 645 &#x438;&#x43B;.</subfield>
    <subfield code="d">23</subfield>
  </datafield>
  <datafield tag="225" ind1="1" ind2=" ">
    <subfield code="a">&#x41E;&#x441;&#x43D;&#x43E;&#x432;&#x44B; &#x431;&#x43E;&#x442;&#x430;&#x43D;&#x438;&#x43A;&#x438;</subfield>
  </datafield>
  <datafield tag="700" ind1=" " ind2="1">
    <subfield code="8">rus</subfield>
    <subfield code="7">ca</subfield>
    <subfield code="a">&#x412;&#x430;&#x440;&#x43C;&#x438;&#x43D;&#x433;</subfield>
    <subfield code="b">&#x419;. &#x42D;.</subfield>
    <subfield code="f">1841-1924</subfield>
    <subfield code="g">&#x419;&#x43E;&#x445;&#x430;&#x43D;&#x43D;&#x435;&#x441; &#x42D;&#x443;&#x433;&#x435;&#x43D;&#x438;&#x443;&#x441;</subfield>
    <subfield code="3">RU\NLR\AUTH\7775612</subfield>
    <subfield code="9">58540</subfield>
  </datafield>
  <datafield tag="702" ind1=" " ind2="1">
    <subfield code="4">080</subfield>
    <subfield code="8">rus</subfield>
    <subfield code="7">ca</subfield>
    <subfield code="a">&#x422;&#x438;&#x43C;&#x438;&#x440;&#x44F;&#x437;&#x435;&#x432;</subfield>
    <subfield code="b">&#x41A;. &#x410;.</subfield>
    <subfield code="f">1843-1920</subfield>
    <subfield code="g">&#x41A;&#x43B;&#x438;&#x43C;&#x435;&#x43D;&#x442; &#x410;&#x440;&#x43A;&#x430;&#x434;&#x44C;&#x435;&#x432;&#x438;&#x447;</subfield>
    <subfield code="3">RU\NLR\AUTH\7763064</subfield>
    <subfield code="9">45994</subfield>
  </datafield>
  <datafield tag="702" ind1=" " ind2="1">
    <subfield code="a">&#x420;&#x43E;&#x441;&#x442;&#x43E;&#x432;&#x446;&#x435;&#x432;</subfield>
    <subfield code="b">&#x421;.&#x418;.</subfield>
    <subfield code="f">1862-1916</subfield>
    <subfield code="g">&#x421;&#x435;&#x43C;&#x435;&#x43D; &#x418;&#x432;&#x430;&#x43D;&#x43E;&#x432;&#x438;&#x447;</subfield>
    <subfield code="4">730</subfield>
  </datafield>
  <datafield tag="702" ind1=" " ind2="1">
    <subfield code="a">&#x413;&#x43E;&#x43B;&#x435;&#x43D;&#x43A;&#x438;&#x43D;</subfield>
    <subfield code="b">&#x41C;.&#x418;.</subfield>
    <subfield code="f">1864-1941</subfield>
    <subfield code="g">&#x41C;&#x438;&#x445;&#x430;&#x438;&#x43B; &#x418;&#x43B;&#x44C;&#x438;&#x447;</subfield>
    <subfield code="4">730</subfield>
  </datafield>
  <datafield tag="790" ind1=" " ind2="1">
    <subfield code="9">z01700</subfield>
    <subfield code="a">&#x412;&#x430;&#x440;&#x43C;&#x438;&#x43D;&#x433;</subfield>
    <subfield code="b">&#x415;.</subfield>
    <subfield code="f">1841-1924</subfield>
    <subfield code="g">&#x415;&#x432;&#x433;&#x435;&#x43D;&#x438;&#x439;</subfield>
  </datafield>
  <datafield tag="801" ind1=" " ind2="0">
    <subfield code="a">RU</subfield>
    <subfield code="b">NLR</subfield>
    <subfield code="c">20061002</subfield>
    <subfield code="g">psbo</subfield>
  </datafield>
  <datafield tag="801" ind1=" " ind2="0">
    <subfield code="a">RU</subfield>
    <subfield code="b">RuMoRGB</subfield>
    <subfield code="c">20061002</subfield>
    <subfield code="2">psbo</subfield>
  </datafield>
  <datafield tag="801" ind1=" " ind2="1">
    <subfield code="a">RU</subfield>
    <subfield code="b">ProSoft-M</subfield>
    <subfield code="c">20061002</subfield>
    <subfield code="2">rusmarc</subfield>
  </datafield>
  <datafield tag="801" ind1=" " ind2="2">
    <subfield code="a">RU</subfield>
    <subfield code="b">NLR</subfield>
    <subfield code="c">20090408</subfield>
    <subfield code="2">rusmarc</subfield>
  </datafield>
  <datafield tag="852" ind1=" " ind2=" ">
    <subfield code="a">NLR</subfield>
    <subfield code="j">18.186.4.10</subfield>
  </datafield>
  <datafield tag="852" ind1=" " ind2=" ">
    <subfield code="a">NLR</subfield>
    <subfield code="j">33-5/555</subfield>
  </datafield>
  <datafield tag="942" ind1=" " ind2=" ">
    <subfield code="c">BOOK</subfield>
  </datafield>
  <datafield tag="980" ind1=" " ind2=" ">
    <subfield code="a">NB</subfield>
  </datafield>
  <datafield tag="995" ind1=" " ind2=" ">
    <subfield code="5">2013-10-26</subfield>
    <subfield code="b">NLR02</subfield>
    <subfield code="c">NLR02</subfield>
    <subfield code="e">RFS</subfield>
    <subfield code="f">5228249-10</subfield>
    <subfield code="k">18.186.4.10</subfield>
    <subfield code="o">0</subfield>
    <subfield code="r">BOOK</subfield>
    <subfield code="s">18186410_</subfield>
  </datafield>
  <datafield tag="995" ind1=" " ind2=" ">
    <subfield code="5">2013-10-26</subfield>
    <subfield code="b">NLR02</subfield>
    <subfield code="c">NLR02</subfield>
    <subfield code="e">RFS</subfield>
    <subfield code="f">5228249-20</subfield>
    <subfield code="k">33-5/555</subfield>
    <subfield code="o">0</subfield>
    <subfield code="r">BOOK</subfield>
    <subfield code="s">335555_</subfield>
  </datafield>
</record>
